SIMPLE TIPS FOR SURESHOT SUCCESS (Record no. 18731)

MARC details
000 -LEADER
fixed length control field 00324nam a22001457a 4500
003 - CONTROL NUMBER IDENTIFIER
control field SGT
020 ## - INTERNATIONAL STANDARD BOOK NUMBER
International Standard Book Number 9788190899833
082 ## - DEWEY DECIMAL CLASSIFICATION NUMBER
Classification number 070
Item number S09A
100 ## - MAIN ENTRY--PERSONAL NAME
Personal name ARORA, ASHOK
245 ## - TITLE STATEMENT
Title SIMPLE TIPS FOR SURESHOT SUCCESS
260 ## - PUBLICATION, DISTRIBUTION, ETC. (IMPRINT)
Place of publication, distribution, etc NEW DELHI
Name of publisher, distributor, etc GYAN PUBLISHER
Year of Publication 2009
300 ## - PAGE DESCRIPTION
No. of Pages 236
650 ## - SUBJECT ADDED ENTRY--TOPICAL TERM
Topical term or geographic name as entry element JOURNALISM
942 ## - ADDED ENTRY ELEMENTS (KOHA)
Source of classification or shelving scheme Dewey Decimal Classification
Koha item type Books
Holdings
Withdrawn status Lost status Source of classification or shelving scheme Damaged status Not for loan Collection code Home library Current library Shelving location Date acquired Vendor Name SGTU Total Checkouts Full call number Accession No. (Barcode) Date last seen Date last borrowed Bill Date Koha item type
    Dewey Decimal Classification   Not For Loan   SGT Chancellor's Library SGT Chancellor's Library Reference Book 07/01/2025   SGTU   070 S09A CH1549 07/01/2025   07/01/2025 Books
    Dewey Decimal Classification     LAW SGT Science & Social Sciences Library SGT Science & Social Sciences Library Text Book 03/08/2019 GIFTED SGTU 2 158.1 ARO FL2241 02/11/2022 20/10/2022 03/08/2019 Books